Manshū nōgyn̄otokushitsu to Nichi-man nōgyō no hikaku kenkyū /
Saved in:
| Corporate Author: | |
|---|---|
| Other Authors: | |
| Format: | Book |
| Language: | Japanese |
| Published: |
[Dairen :
Minami Manshū Tetsudō Kabushiki Kaisha Shomubu Chōsaka],
Shōwa 2 [1927]
|
| Subjects: | |
| Tags: |
Add Tag
No Tags, Be the first to tag this record!
|
| LEADER | 01687nam a2200325ui 4500 | ||
|---|---|---|---|
| 001 | 007770052-X | ||
| 005 | 20024617122053.0 | ||
| 008 | 970519s1927 cc f 000 0 jpn d | ||
| 035 | 0 | |a ocm36927277 | |
| 040 | |a NIC |c NIC |d *YNH* |d CStRLIN | ||
| 110 | 2 | |6 880-01 |a Minami Manshū Tetsudō Kabushiki Kaisha. |b Chōsaka. | |
| 245 | 1 | 0 | |6 880-02 |a Manshū nōgyn̄otokushitsu to Nichi-man nōgyō no hikaku kenkyū / |c Minami Manshū Tetsudō Kabushiki Kaisha Shomubu Chōsaka [hen]. |
| 260 | |6 880-03 |a [Dairen : |b Minami Manshū Tetsudō Kabushiki Kaisha Shomubu Chōsaka], |c Shōwa 2 [1927] | ||
| 300 | |a 2, 6, 18, 137 p. : |b 18 plates ; |c 23 cm. | ||
| 500 | |6 880-04 |a Furoku: Manshū no nōgyō kaihatsu -- Kantōshū no nōjō sōsetsu manshū ni okeru nōjō sekkei -- Kakushu nōsakibutsu no shushitsu keisan. | ||
| 500 | |6 880-05 |a Shippitsusha: Chiba Toyoji. | ||
| 500 | |a Cover title. | ||
| 500 | |6 880-06 |a Henshūsha: Sada Kōjirō. | ||
| 650 | 0 | |a Agriculture |z China |z Manchuria. | |
| 650 | 0 | |a Agriculture |x Economic aspects |z China |z Manchuria. | |
| 700 | 1 | |6 880-07 |a Sada Kōjirō. | |
| 880 | 2 | |6 110-01 |a 南滿洲鐵道株式會社. |b 調查課. | |
| 880 | 1 | 0 | |6 245-02 |a 滿洲農業の特質と日滿農業の比較硏究 / |c 南滿洲鐵道株式會社庶務部調查課[編]. |
| 880 | |6 260-03 |a [大連 : |b 南滿洲鐵道株式會社庶務部調查課], |c 昭和2 [1927] | ||
| 880 | |6 500-04 |a 附錄: 滿洲の農業開發 -- 關東州の農場創設滿洲に於ける農場設計 -- 各種農作物の收支計算. | ||
| 880 | |6 500-05 |a 執筆者: 千葉豐治. | ||
| 880 | |6 500-06 |a 編集者: 佐田弘次郎. | ||
| 880 | 1 | |6 700-07 |a 佐田弘次郎. | |
| 988 | |a 20021220 | ||
| 906 | |0 OCLC | ||


